000 01198cam a22002054a 4500
005 20250605163927.0
008 250528s ||||||||||||||||||||||||d
035 _a14563
020 _a9607019687
040 _aGR-AtMCL
_bgre
_dGR-AtMCL
_eAACR2
245 1 _aΕισαγωγή στις Γνωστικές Λειτουργίες / Γνωστική Ψυχολογία 2 - Γνωστικές Λειτουργίες: Δ' 'Εκδοση
250 _a
260 _bΕλληνικά Γράμματα,
_c1994
300 _a40
520 _aΤο παρόν βιβλίο είναι το τέταρτο από τα έξι τεύχη της ομάδας βιβλίων για τις Γνωστικές Λειτουργίες. Τι Είναι οι Γνωστικές Λειτουργίες;, Αντίληψη, Προσοχή, Σκέψη, Μνήμη, Γλώσσα, Παράγοντες που Επηρεάζουν τη Γνώση, Γενικές Παραπομπές, Ειδικές Παραπομπές, Ευρετήριο Όρων, Απαντήσεις στις Ερωτήσεις Αυτο-Αξιολόγησης.
700 1 _aHayes Nicky
_987
942 _cBK
999 _c187
_d187